Gabrielle Clark
Ottawa A
Categories
Beliefs | 1 | 4 | 0 | 1 | 55 | 43 | 110.00 | 2 | 5 |
Philosophy | 0 | 3 | 0 | 1 | 30 | 113 | 124.67 | 1 | 3 |
History - European History | 2 | 0 | 1 | 1 | 25 | 55 | 62.00 | 1 | 2 |
Literature - British Literature | 1 | 1 | 0 | 0 | 25 | 75 | 108.50 | 0 | 2 |
1 | 1 | 2 | 1 | 15 | 61 | 100.00 | 1 | 2 | |
Other Science: Astronomy | 1 | 0 | 0 | 0 | 15 | 57 | 57.00 | 1 | 1 |
Social Science | 0 | 2 | 1 | 1 | 15 | 95 | 112.00 | 0 | 2 |
Geography | 0 | 1 | 0 | 1 | 10 | 135 | 135.00 | 0 | 1 |
History - World History | 0 | 1 | 0 | 1 | 10 | 131 | 131.00 | 0 | 1 |
Literature - European Literature | 0 | 1 | 1 | 0 | 5 | 141 | 141.00 | 0 | 1 |
Fine Arts - Visual Fine Arts | 0 | 1 | 1 | 1 | 5 | 149 | 149.00 | 0 | 1 |
History - American History | 0 | 0 | 1 | 0 | -5 | 0.00 | 0 | 0 | |
Literature - American Literature | 0 | 0 | 1 | 0 | -5 | 0.00 | 0 | 0 |